[Event "DEM U16w 2022"]
[Site "Willingen GER"]
[Date "2022.06.07"]
[Round "4"]
[White "Buchholz, Maja"]
[Black "Zöllner, Bente"]
[Result "0-1"]
[Termination "normal"]
[Board "3"]
[WhiteElo "1939"]
[BlackElo "1614"]
[WhiteClock "00:08:27"]
[BlackClock "00:06:32"]
[PlyCount "110"]
[WhiteFideId "16200500"]
[BlackFideId "16230523"]
[EventCountry "GER"]
[EventRounds "9"]
[EventType "swiss"]
[EventDate "2022.06.04"]

1. e4 {[%clk 1:30:56]} c5 {[%clk 1:30:48]} 2. Nc3 {[%clk 1:31:12]} Nc6 {[%clk
1:31:04]} 3. Bb5 {[%clk 1:31:36]} g6 {[%clk 1:30:56]} 4. Bxc6 {[%clk 1:31:46]}
bxc6 {[%clk 1:31:09]} 5. d3 {[%clk 1:32:02]} Bg7 {[%clk 1:31:15]} 6. f4 {[%clk
1:32:22]} Rb8 {[%clk 1:29:33]} 7. Nf3 {[%clk 1:32:37]} d5 {[%clk 1:27:28]} 8.
e5 {[%clk 1:31:31]} Nh6 {[%clk 1:22:47]} 9. O-O {[%clk 1:27:30]} O-O {[%clk
1:21:07]} 10. Na4 {[%clk 1:21:24]} Qa5 {[%clk 1:19:17]} 11. c4 {[%clk 1:19:36]}
Rd8 {[%clk 1:05:54]} 12. Bd2 {[%clk 1:13:02]} Qc7 {[%clk 1:05:06]} 13. Qe1
{[%clk 1:10:51]} Qb7 {[%clk 1:01:41]} 14. Ba5 {[%clk 1:08:53]} Re8 {[%clk
0:53:28]} 15. b3 {[%clk 1:07:09]} Be6 {[%clk 0:48:23]} 16. Nxc5 {[%clk
1:04:14]} Qc8 {[%clk 0:48:26]} 17. Nd4 {[%clk 1:00:30]} Bd7 {[%clk 0:44:20]}
18. h3 {[%clk 0:53:39]} e6 {[%clk 0:41:23]} 19. b4 {[%clk 0:50:54]} f6 {[%clk
0:34:46]} 20. g4 {[%clk 0:41:47]} Nf7 {[%clk 0:32:12]} 21. Nf3 {[%clk 0:40:08]}
Nd8 {[%clk 0:31:05]} 22. exf6 {[%clk 0:28:18]} Bxf6 {[%clk 0:30:30]} 23. Ne5
{[%clk 0:27:34]} Re7 {[%clk 0:28:55]} 24. Ncxd7 {[%clk 0:17:18]} Rxd7 {[%clk
0:27:18]} 25. Nxd7 {[%clk 0:16:41]} Qxd7 {[%clk 0:24:05]} 26. Rb1 {[%clk
0:15:43]} Nf7 {[%clk 0:20:44]} 27. Kg2 {[%clk 0:13:46]} Nd6 {[%clk 0:20:09]}
28. Qe2 {[%clk 0:12:57]} Bd4 {[%clk 0:17:48]} 29. a4 {[%clk 0:12:09]} Nb7
{[%clk 0:15:01]} 30. Rfc1 {[%clk 0:10:13]} Rf8 {[%clk 0:12:26]} 31. Qd2 {[%clk
0:09:56]} Qd6 {[%clk 0:10:40]} 32. Rf1 {[%clk 0:09:39]} Nxa5 {[%clk 0:08:51]}
33. bxa5 {[%clk 0:10:03]} c5 {[%clk 0:08:05]} 34. Rb7 {[%clk 0:08:23]} dxc4
{[%clk 0:07:46]} 35. Rf3 {[%clk 0:07:05]} c3 {[%clk 0:06:17]} 36. Qa2 {[%clk
0:06:09]} Qc6 {[%clk 0:05:32]} 37. Re7 {[%clk 0:05:27]} Rxf4 {[%clk 0:05:00]}
38. Qxe6+ {[%clk 0:03:42]} Qxe6 {[%clk 0:05:21]} 39. Rxe6 {[%clk 0:04:02]} Rxf3
{[%clk 0:05:16]} 40. Kxf3 {[%clk 0:04:25]} c2 {[%clk 0:05:22]} 41. Re1 {[%clk
0:04:37]} Bb2 {[%clk 0:05:34]} 42. Ke4 {[%clk 0:04:58]} c1=Q {[%clk 0:04:54]}
43. Rxc1 {[%clk 0:05:25]} Bxc1 {[%clk 0:05:18]} 44. Kd5 {[%clk 0:05:51]} Be3
{[%clk 0:03:48]} 45. Kc6 {[%clk 0:06:16]} Kf7 {[%clk 0:04:07]} 46. Kb7 {[%clk
0:06:34]} Ke6 {[%clk 0:04:21]} 47. Kxa7 {[%clk 0:06:50]} c4+ {[%clk 0:04:41]}
48. Kb7 {[%clk 0:06:53]} cxd3 {[%clk 0:05:06]} 49. a6 {[%clk 0:07:15]} d2
{[%clk 0:05:30]} 50. a7 {[%clk 0:07:37]} Bxa7 {[%clk 0:05:54]} 51. Kxa7 {[%clk
0:08:04]} d1=Q 52. a5 Qb3 {[%clk 0:05:56]} 53. h4 {[%clk 0:08:17]} Kd7 {[%clk
0:06:13]} 54. h5 {[%clk 0:08:15]} Kc7 {[%clk 0:06:32]} 55. hxg6 {[%clk
0:08:27]} Qb7# 0-1

[Event "DEM U16w 2022"]
[Site "Willingen GER"]
[Date "2022.06.07"]
[Round "4"]
[White "Glowiak, Alexandra"]
[Black "Sereda, Yaroslava"]
[Result "1/2-1/2"]
[Termination "normal"]
[Board "4"]
[WhiteElo "1503"]
[BlackElo "1698"]
[WhiteClock "00:01:55"]
[BlackClock "00:02:34"]
[PlyCount "73"]
[WhiteFideId "16259530"]
[BlackFideId "14178940"]
[EventCountry "GER"]
[EventRounds "9"]
[EventType "swiss"]
[EventDate "2022.06.04"]

1. e4 {[%clk 1:30:57]} c5 {[%clk 1:30:49]} 2. Nf3 {[%clk 1:31:23]} Nf6 {[%clk
1:31:08]} 3. Nc3 {[%clk 1:28:49]} d5 {[%clk 1:31:12]} 4. exd5 {[%clk 1:24:30]}
Nxd5 {[%clk 1:30:09]} 5. Nxd5 {[%clk 1:23:22]} Qxd5 {[%clk 1:30:30]} 6. d4
{[%clk 1:22:29]} Bg4 {[%clk 1:22:32]} 7. Be2 {[%clk 1:18:29]} cxd4 {[%clk
0:58:27]} 8. Qxd4 {[%clk 0:47:48]} Qxd4 {[%clk 0:53:33]} 9. Nxd4 {[%clk
0:47:31]} Bxe2 {[%clk 0:53:48]} 10. Kxe2 {[%clk 0:45:26]} Nd7 {[%clk 0:44:57]}
11. b3 {[%clk 0:39:22]} g6 {[%clk 0:41:34]} 12. Bb2 {[%clk 0:36:13]} Bg7 {[%clk
0:38:53]} 13. Rad1 {[%clk 0:29:28]} Rc8 {[%clk 0:37:09]} 14. c4 {[%clk
0:28:54]} O-O {[%clk 0:29:04]} 15. Rd2 {[%clk 0:26:37]} Nc5 {[%clk 0:28:09]}
16. Nf3 {[%clk 0:19:01]} e5 {[%clk 0:24:09]} 17. Ba3 {[%clk 0:16:54]} e4 {[%clk
0:22:18]} 18. Nd4 {[%clk 0:16:18]} Rfd8 {[%clk 0:17:37]} 19. Bxc5 {[%clk
0:15:34]} Rxc5 {[%clk 0:17:56]} 20. Nc2 {[%clk 0:14:32]} Rxd2+ {[%clk 0:17:36]}
21. Kxd2 {[%clk 0:15:00]} Ra5 {[%clk 0:17:40]} 22. a4 {[%clk 0:13:04]} Rg5
{[%clk 0:17:19]} 23. g3 {[%clk 0:12:14]} Rf5 {[%clk 0:15:04]} 24. Ke2 {[%clk
0:12:33]} h5 {[%clk 0:10:50]} 25. Rd1 {[%clk 0:10:33]} Rf6 {[%clk 0:06:25]} 26.
Rd8+ {[%clk 0:09:06]} Bf8 {[%clk 0:05:55]} 27. c5 {[%clk 0:08:44]} b6 {[%clk
0:05:01]} 28. cxb6 {[%clk 0:07:14]} Rxb6 {[%clk 0:04:57]} 29. Nd4 {[%clk
0:05:48]} Kg7 {[%clk 0:04:09]} 30. Rd5 {[%clk 0:05:41]} Rb4 {[%clk 0:03:58]}
31. Ke3 {[%clk 0:05:29]} Be7 {[%clk 0:02:28]} 32. Re5 {[%clk 0:02:57]} Bf6
{[%clk 0:02:06]} 33. Rxe4 {[%clk 0:03:19]} Bxd4+ {[%clk 0:02:19]} 34. Rxd4
{[%clk 0:03:43]} Rxb3+ {[%clk 0:02:41]} 35. Rd3 {[%clk 0:03:18]} Rb4 {[%clk
0:02:35]} 36. Rd4 {[%clk 0:02:43]} Rb3+ {[%clk 0:02:34]} 37. Rd3 {[%clk
0:01:55]} 1/2-1/2

[Event "DEM U16w 2022"]
[Site "Willingen GER"]
[Date "2022.06.07"]
[Round "4"]
[White "Derling, Charlotte"]
[Black "Petersen, Sophie"]
[Result "1-0"]
[Termination "normal"]
[Board "5"]
[WhiteElo "1506"]
[BlackElo "1653"]
[WhiteClock "00:04:01"]
[BlackClock "00:09:17"]
[PlyCount "67"]
[WhiteFideId "16222237"]
[BlackFideId "16229380"]
[EventCountry "GER"]
[EventRounds "9"]
[EventType "swiss"]
[EventDate "2022.06.04"]

1. e4 {[%clk 1:30:55]} e5 {[%clk 1:30:55]} 2. Nf3 {[%clk 1:31:17]} Nc6 {[%clk
1:31:20]} 3. d4 {[%clk 1:31:35]} exd4 {[%clk 1:31:43]} 4. Nxd4 {[%clk 1:31:56]}
Bc5 {[%clk 1:32:07]} 5. Be3 {[%clk 1:32:08]} Qf6 {[%clk 1:32:27]} 6. c3 {[%clk
1:32:27]} Nge7 {[%clk 1:32:44]} 7. Be2 {[%clk 1:31:01]} O-O {[%clk 1:29:54]} 8.
O-O {[%clk 1:30:23]} b6 {[%clk 1:25:42]} 9. Qd2 {[%clk 1:18:24]} d5 {[%clk
1:21:07]} 10. Bg5 {[%clk 1:07:31]} Qd6 {[%clk 1:18:44]} 11. Nxc6 {[%clk
1:04:51]} Qxc6 {[%clk 1:17:40]} 12. b4 {[%clk 1:01:00]} Bd6 {[%clk 1:16:57]}
13. e5 {[%clk 0:58:55]} Bxe5 {[%clk 1:10:34]} 14. Bxe7 {[%clk 0:58:36]} Re8
{[%clk 1:08:26]} 15. Bg5 {[%clk 0:55:19]} f6 {[%clk 1:05:30]} 16. Be3 {[%clk
0:53:49]} Bf5 {[%clk 1:01:54]} 17. b5 {[%clk 0:42:28]} Qd6 {[%clk 1:00:32]} 18.
f4 {[%clk 0:37:53]} Bxb1 {[%clk 0:53:17]} 19. Raxb1 {[%clk 0:36:06]} Bxc3
{[%clk 0:47:04]} 20. Qxc3 {[%clk 0:34:02]} Rad8 {[%clk 0:44:36]} 21. Rbd1
{[%clk 0:29:33]} Qe6 {[%clk 0:43:16]} 22. Rf3 {[%clk 0:17:13]} Kh8 {[%clk
0:36:48]} 23. Bd3 {[%clk 0:13:01]} Qf7 {[%clk 0:24:34]} 24. Bf2 {[%clk
0:11:16]} Qd7 {[%clk 0:20:21]} 25. Qc2 {[%clk 0:10:04]} h6 {[%clk 0:19:03]} 26.
Rc1 {[%clk 0:08:27]} Re7 {[%clk 0:17:51]} 27. Qc6 {[%clk 0:06:32]} Qc8 {[%clk
0:16:39]} 28. Bd4 {[%clk 0:05:34]} Qb8 {[%clk 0:11:23]} 29. Rh3 {[%clk
0:04:33]} Rd6 {[%clk 0:10:49]} 30. Qc3 {[%clk 0:04:22]} Kg8 {[%clk 0:10:33]}
31. Rg3 {[%clk 0:04:29]} Kf8 {[%clk 0:10:03]} 32. Re1 {[%clk 0:04:03]} Qd8
{[%clk 0:08:54]} 33. Rxe7 {[%clk 0:04:03]} Qxe7 {[%clk 0:09:17]} 34. Re3 {[%clk
0:04:01]} 1-0

[Event "DEM U16w 2022"]
[Site "Willingen GER"]
[Date "2022.06.07"]
[Round "4"]
[White "Cordes, Jule"]
[Black "Sarian, Gaya"]
[Result "1-0"]
[Termination "normal"]
[Board "6"]
[WhiteElo "1841"]
[BlackElo "1181"]
[WhiteClock "00:03:56"]
[BlackClock "00:00:34"]
[PlyCount "79"]
[WhiteFideId "1060708"]
[BlackFideId "16266161"]
[EventCountry "GER"]
[EventRounds "9"]
[EventType "swiss"]
[EventDate "2022.06.04"]

1. d4 {[%clk 1:30:58]} Nf6 {[%clk 1:30:51]} 2. c4 {[%clk 1:31:23]} e6 {[%clk
1:31:10]} 3. Nc3 {[%clk 1:31:47]} d5 {[%clk 1:31:30]} 4. cxd5 {[%clk 1:31:13]}
exd5 {[%clk 1:31:37]} 5. Bg5 {[%clk 1:31:28]} Be7 {[%clk 1:31:02]} 6. e3 {[%clk
1:31:40]} O-O {[%clk 1:30:44]} 7. Bd3 {[%clk 1:31:45]} h6 {[%clk 1:28:03]} 8.
Bh4 {[%clk 1:28:41]} Be6 {[%clk 1:17:33]} 9. Qc2 {[%clk 1:24:28]} c5 {[%clk
1:13:04]} 10. dxc5 {[%clk 1:14:46]} Bxc5 {[%clk 0:57:17]} 11. Nf3 {[%clk
1:10:27]} Nc6 {[%clk 0:47:53]} 12. O-O {[%clk 1:05:53]} d4 {[%clk 0:34:47]} 13.
exd4 {[%clk 1:04:49]} Nxd4 {[%clk 0:34:05]} 14. Nxd4 {[%clk 0:57:57]} Qxd4
{[%clk 0:32:56]} 15. Bxf6 {[%clk 0:56:41]} gxf6 16. Rad1 {[%clk 0:54:00]} Qg4
{[%clk 0:25:07]} 17. Ne4 {[%clk 0:52:56]} Be7 {[%clk 0:22:33]} 18. Qc7 {[%clk
0:48:58]} f5 {[%clk 0:19:13]} 19. h3 {[%clk 0:39:59]} Qg6 {[%clk 0:16:04]} 20.
Ng3 {[%clk 0:35:16]} Bh4 {[%clk 0:12:24]} 21. b3 {[%clk 0:32:13]} b6 {[%clk
0:11:03]} 22. Qf4 {[%clk 0:28:56]} Qg5 {[%clk 0:03:41]} 23. Qxg5+ {[%clk
0:23:34]} Bxg5 {[%clk 0:04:05]} 24. Bxf5 {[%clk 0:23:29]} Bxf5 {[%clk 0:01:48]}
25. Nxf5 {[%clk 0:23:51]} Kh7 {[%clk 0:01:13]} 26. Rd7 {[%clk 0:23:33]} a6
{[%clk 0:01:11]} 27. Rd6 {[%clk 0:21:36]} b5 {[%clk 0:00:36]} 28. f4 {[%clk
0:21:25]} Bd8 {[%clk 0:00:35]} 29. Rxh6+ {[%clk 0:20:15]} Kg8 {[%clk 0:00:55]}
30. Rc1 {[%clk 0:13:57]} Ba5 {[%clk 0:00:45]} 31. Rcc6 {[%clk 0:13:48]} f6
{[%clk 0:00:39]} 32. Rg6+ {[%clk 0:08:06]} Kh8 {[%clk 0:00:34]} 33. Rcxf6
{[%clk 0:06:21]} Rxf6 {[%clk 0:00:32]} 34. Rxf6 Bc3 {[%clk 0:00:45]} 35. Rc6
{[%clk 0:05:01]} Bd2 {[%clk 0:00:32]} 36. g3 {[%clk 0:05:16]} Rf8 {[%clk
0:00:39]} 37. Nh4 {[%clk 0:03:58]} Rg8 {[%clk 0:00:37]} 38. Kf2 {[%clk
0:03:54]} a5 {[%clk 0:00:36]} 39. Rb6 {[%clk 0:03:41]} b4 {[%clk 0:00:34]} 40.
Ra6 {[%clk 0:03:56]} 1-0

[Event "DEM U16w 2022"]
[Site "Willingen GER"]
[Date "2022.06.07"]
[Round "4"]
[White "Pikki, Daria"]
[Black "Duchstein, Anna"]
[Result "1/2-1/2"]
[Termination "normal"]
[Board "7"]
[WhiteElo "1638"]
[BlackElo "1661"]
[WhiteClock "00:23:18"]
[BlackClock "00:34:02"]
[PlyCount "74"]
[WhiteFideId "16281306"]
[BlackFideId "16261372"]
[EventCountry "GER"]
[EventRounds "9"]
[EventType "swiss"]
[EventDate "2022.06.04"]

1. d4 {[%clk 1:30:58]} d5 {[%clk 1:30:54]} 2. c4 {[%clk 1:31:24]} e5 {[%clk
1:31:18]} 3. cxd5 {[%clk 1:29:45]} Qxd5 {[%clk 1:30:15]} 4. e3 {[%clk 1:27:36]}
exd4 {[%clk 1:27:57]} 5. Nc3 {[%clk 1:25:07]} Qd8 {[%clk 1:26:48]} 6. exd4
{[%clk 1:24:48]} Nf6 {[%clk 1:24:38]} 7. Bc4 {[%clk 1:23:29]} c6 {[%clk
1:23:11]} 8. Bg5 {[%clk 1:19:50]} Be7 {[%clk 1:22:41]} 9. Nge2 {[%clk 1:18:02]}
O-O {[%clk 1:21:11]} 10. O-O {[%clk 1:17:45]} h6 {[%clk 1:18:00]} 11. Bf4
{[%clk 1:17:21]} Re8 {[%clk 1:17:05]} 12. Qb3 {[%clk 1:15:29]} Rf8 {[%clk
1:15:43]} 13. a4 {[%clk 1:15:02]} Qb6 {[%clk 1:14:13]} 14. Qa2 {[%clk 1:11:35]}
Bf5 {[%clk 1:13:23]} 15. Rfe1 {[%clk 1:07:37]} Bb4 {[%clk 1:11:29]} 16. h3
{[%clk 1:00:45]} Bg6 {[%clk 1:09:50]} 17. Be3 {[%clk 1:00:01]} Qa5 {[%clk
1:08:06]} 18. Rec1 {[%clk 0:57:16]} Bd6 {[%clk 1:04:47]} 19. d5 {[%clk
0:52:47]} c5 {[%clk 1:03:23]} 20. Qb3 {[%clk 0:51:04]} Qb4 {[%clk 0:59:07]} 21.
Qxb4 {[%clk 0:48:22]} cxb4 {[%clk 0:59:30]} 22. Nb5 {[%clk 0:48:36]} Be5 {[%clk
0:58:39]} 23. Bd4 {[%clk 0:46:26]} Bxd4 {[%clk 0:57:29]} 24. Nbxd4 {[%clk
0:44:13]} Nbd7 {[%clk 0:55:18]} 25. Nf4 {[%clk 0:41:36]} Bh7 {[%clk 0:50:40]}
26. Nf3 {[%clk 0:38:44]} Rac8 {[%clk 0:48:08]} 27. a5 {[%clk 0:38:00]} Rfd8
{[%clk 0:44:38]} 28. b3 {[%clk 0:36:42]} Be4 {[%clk 0:43:25]} 29. Nd2 {[%clk
0:35:42]} Nc5 {[%clk 0:42:02]} 30. Nxe4 {[%clk 0:34:27]} Ncxe4 {[%clk 0:41:30]}
31. Ra4 {[%clk 0:30:31]} Nc3 {[%clk 0:40:54]} 32. Raa1 {[%clk 0:26:07]} Nfxd5
{[%clk 0:37:22]} 33. Nxd5 {[%clk 0:26:09]} Nxd5 {[%clk 0:33:56]} 34. Bxd5
{[%clk 0:25:09]} Rxc1+ {[%clk 0:33:57]} 35. Rxc1 {[%clk 0:25:34]} Rxd5 {[%clk
0:34:22]} 36. Rc8+ {[%clk 0:24:52]} Kh7 {[%clk 0:34:45]} 37. Rc7 {[%clk
0:23:18]} Rd3 {[%clk 0:34:02]} 1/2-1/2

[Event "DEM U16w 2022"]
[Site "Willingen GER"]
[Date "2022.06.07"]
[Round "4"]
[White "von Beckh, Frieda"]
[Black "Hubert, Charlotte"]
[Result "0-1"]
[Termination "normal"]
[Board "8"]
[WhiteElo "1651"]
[BlackElo "1651"]
[WhiteClock "00:06:26"]
[BlackClock "00:06:07"]
[PlyCount "74"]
[WhiteFideId "16233751"]
[BlackFideId "16265920"]
[EventCountry "GER"]
[EventRounds "9"]
[EventType "swiss"]
[EventDate "2022.06.04"]

1. e4 {[%clk 1:30:57]} c5 {[%clk 1:30:48]} 2. Nc3 {[%clk 1:31:21]} d6 {[%clk
1:31:10]} 3. f4 {[%clk 1:31:45]} g6 {[%clk 1:31:35]} 4. Nf3 {[%clk 1:32:11]}
Bg7 {[%clk 1:31:53]} 5. Bb5+ {[%clk 1:32:27]} Bd7 {[%clk 1:32:17]} 6. Bc4
{[%clk 1:32:53]} e6 {[%clk 1:32:22]} 7. O-O {[%clk 1:33:07]} Nc6 {[%clk
1:31:59]} 8. d3 {[%clk 1:31:08]} Nge7 {[%clk 1:31:38]} 9. f5 {[%clk 1:29:01]}
exf5 {[%clk 1:27:33]} 10. Nb5 {[%clk 1:09:46]} Bc8 {[%clk 1:11:22]} 11. Bf4
{[%clk 1:07:28]} Ne5 {[%clk 1:08:59]} 12. Ng5 {[%clk 1:04:08]} O-O {[%clk
1:06:27]} 13. c3 {[%clk 0:54:21]} a6 {[%clk 0:53:10]} 14. Nxd6 {[%clk 0:44:14]}
Qxd6 {[%clk 0:53:08]} 15. Nxf7 {[%clk 0:35:49]} Rxf7 {[%clk 0:51:50]} 16. Qb3
{[%clk 0:30:23]} Nxc4 {[%clk 0:43:46]} 17. Bxd6 {[%clk 0:30:30]} Nxd6 {[%clk
0:44:12]} 18. Qb6 {[%clk 0:30:20]} Nc6 {[%clk 0:40:36]} 19. Qxc5 {[%clk
0:30:06]} Nb5 {[%clk 0:34:32]} 20. Qd5 {[%clk 0:26:57]} Nc7 {[%clk 0:34:05]}
21. Qb3 {[%clk 0:27:05]} b5 {[%clk 0:22:59]} 22. d4 {[%clk 0:26:06]} Bf8 {[%clk
0:20:11]} 23. a4 {[%clk 0:19:26]} b4 {[%clk 0:14:04]} 24. Rad1 {[%clk 0:16:30]}
Na5 {[%clk 0:12:52]} 25. Qc2 {[%clk 0:16:33]} b3 {[%clk 0:10:59]} 26. Qd3
{[%clk 0:16:23]} fxe4 {[%clk 0:10:04]} 27. Qxe4 {[%clk 0:16:15]} Bf5 {[%clk
0:10:20]} 28. Qf4 {[%clk 0:15:03]} Nd5 {[%clk 0:09:42]} 29. Qe5 {[%clk
0:13:52]} Rd8 {[%clk 0:10:00]} 30. Qe2 {[%clk 0:13:34]} Rf6 {[%clk 0:05:38]}
31. c4 {[%clk 0:12:42]} Re6 {[%clk 0:05:52]} 32. Qf3 {[%clk 0:11:53]} Ne3
{[%clk 0:05:47]} 33. d5 {[%clk 0:11:57]} Ree8 {[%clk 0:05:56]} 34. g4 {[%clk
0:07:26]} Nxg4 {[%clk 0:05:41]} 35. Qc3 {[%clk 0:07:03]} Bc5+ {[%clk 0:05:53]}
36. Kg2 {[%clk 0:07:23]} Re2+ {[%clk 0:06:07]} 37. Kh1 {[%clk 0:06:26]} Rxh2#
0-1

[Event "DEM U16w 2022"]
[Site "Willingen GER"]
[Date "2022.06.07"]
[Round "4"]
[White "Foos, Vanessa"]
[Black "Alferova, Emily"]
[Result "0-1"]
[Termination "normal"]
[Board "9"]
[WhiteElo "1462"]
[BlackElo "1523"]
[WhiteClock "00:46:42"]
[BlackClock "00:58:34"]
[PlyCount "40"]
[WhiteFideId "16245270"]
[BlackFideId "16265904"]
[EventCountry "GER"]
[EventRounds "9"]
[EventType "swiss"]
[EventDate "2022.06.04"]

1. e4 {[%clk 1:30:55]} e5 {[%clk 1:30:37]} 2. Nf3 {[%clk 1:31:20]} Nc6 {[%clk
1:31:04]} 3. Bc4 {[%clk 1:31:45]} Bc5 {[%clk 1:31:30]} 4. b4 {[%clk 1:32:12]}
Bxb4 {[%clk 1:31:55]} 5. c3 {[%clk 1:32:38]} Ba5 {[%clk 1:32:20]} 6. d4 {[%clk
1:33:05]} d6 {[%clk 1:32:17]} 7. Qb3 {[%clk 1:32:21]} Qd7 {[%clk 1:31:54]} 8.
O-O {[%clk 1:25:34]} Bb6 {[%clk 1:30:50]} 9. dxe5 {[%clk 1:25:23]} Na5 {[%clk
1:30:45]} 10. Qb5 {[%clk 1:21:08]} Nxc4 {[%clk 1:28:18]} 11. Qxc4 {[%clk
1:21:31]} Ne7 {[%clk 1:27:37]} 12. Rd1 {[%clk 1:19:52]} O-O {[%clk 1:25:33]}
13. exd6 {[%clk 1:17:15]} cxd6 {[%clk 1:25:58]} 14. Ba3 {[%clk 1:11:45]} Bc7
{[%clk 1:10:59]} 15. e5 {[%clk 1:03:33]} d5 {[%clk 1:04:30]} 16. Qb4 {[%clk
1:02:25]} Re8 {[%clk 1:04:24]} 17. c4 {[%clk 0:48:51]} Nc6 {[%clk 1:01:44]} 18.
Qc5 {[%clk 0:46:36]} Nxe5 {[%clk 0:57:59]} 19. Rxd5 {[%clk 0:46:46]} Nxf3+
{[%clk 0:58:10]} 20. gxf3 {[%clk 0:46:42]} Re1+ {[%clk 0:58:34]} 0-1

[Event "DEM U16w 2022"]
[Site "Willingen GER"]
[Date "2022.06.07"]
[Round "4"]
[White "Racky, Selina"]
[Black "Alhassan, Jodi"]
[Result "0-1"]
[Termination "normal"]
[Board "10"]
[WhiteElo "1424"]
[BlackElo "1225"]
[WhiteClock "00:35:15"]
[BlackClock "00:01:52"]
[PlyCount "78"]
[WhiteFideId "16239440"]
[BlackFideId "16250460"]
[EventCountry "GER"]
[EventRounds "9"]
[EventType "swiss"]
[EventDate "2022.06.04"]

1. e4 {[%clk 1:30:58]} c5 {[%clk 1:30:50]} 2. Nf3 {[%clk 1:31:24]} d6 {[%clk
1:31:12]} 3. d4 {[%clk 1:31:47]} cxd4 {[%clk 1:31:36]} 4. Nxd4 {[%clk 1:32:13]}
Nf6 {[%clk 1:31:49]} 5. Nc3 {[%clk 1:32:37]} a6 {[%clk 1:31:47]} 6. Bg5 {[%clk
1:32:53]} e6 {[%clk 1:31:38]} 7. Qe2 {[%clk 1:33:13]} Be7 {[%clk 1:30:01]} 8.
f4 {[%clk 1:30:41]} Nbd7 {[%clk 1:21:39]} 9. O-O-O {[%clk 1:30:10]} Qc7 {[%clk
1:13:47]} 10. g4 {[%clk 1:25:11]} b5 {[%clk 0:54:28]} 11. a3 {[%clk 1:25:16]}
Bb7 {[%clk 0:43:49]} 12. Bg2 {[%clk 1:25:05]} Rc8 {[%clk 0:33:39]} 13. Kb1
{[%clk 1:09:33]} Nc5 {[%clk 0:17:07]} 14. Rhe1 {[%clk 1:04:58]} Na4 {[%clk
0:06:28]} 15. Nxa4 {[%clk 0:47:21]} bxa4 {[%clk 0:06:51]} 16. Bxf6 {[%clk
0:46:28]} Bxf6 {[%clk 0:06:53]} 17. g5 {[%clk 0:46:42]} Be7 {[%clk 0:04:16]}
18. Rd3 {[%clk 0:46:02]} O-O {[%clk 0:03:55]} 19. h4 {[%clk 0:45:21]} e5 {[%clk
0:02:52]} 20. fxe5 {[%clk 0:43:04]} dxe5 {[%clk 0:03:15]} 21. Nf5 {[%clk
0:41:37]} a5 {[%clk 0:01:26]} 22. Red1 {[%clk 0:39:26]} Ba6 {[%clk 0:01:03]}
23. Rd7 {[%clk 0:30:13]} Bxe2 {[%clk 0:00:47]} 24. Nxe7+ {[%clk 0:30:36]} Kh8
{[%clk 0:01:09]} 25. Rxc7 {[%clk 0:30:57]} Rxc7 {[%clk 0:01:24]} 26. Nd5 {[%clk
0:31:19]} Bxd1 {[%clk 0:01:39]} 27. Nxc7 {[%clk 0:31:45]} Rc8 {[%clk 0:01:39]}
28. Nd5 {[%clk 0:32:13]} Bxc2+ {[%clk 0:01:07]} 29. Ka1 {[%clk 0:32:36]} Bb3
{[%clk 0:01:03]} 30. Nc3 {[%clk 0:33:01]} g6 {[%clk 0:01:01]} 31. Kb1 {[%clk
0:33:03]} Kg7 {[%clk 0:01:22]} 32. Bf1 {[%clk 0:33:27]} Bc4 {[%clk 0:01:06]}
33. Bxc4 {[%clk 0:33:20]} Rxc4 {[%clk 0:01:31]} 34. Kc2 {[%clk 0:33:45]} Rc8
{[%clk 0:00:37]} 35. Kd3 {[%clk 0:34:06]} Rd8+ {[%clk 0:00:38]} 36. Kc2 {[%clk
0:34:26]} Rd4 {[%clk 0:00:42]} 37. Kc1 {[%clk 0:34:27]} f6 {[%clk 0:01:02]} 38.
Kc2 {[%clk 0:34:50]} fxg5 {[%clk 0:01:27]} 39. hxg5 {[%clk 0:35:15]} h6 {[%clk
0:01:52]} 0-1

[Event "DEM U16w 2022"]
[Site "Willingen GER"]
[Date "2022.06.07"]
[Round "4"]
[White "Köpnick, Amanda"]
[Black "Einacker, Anika"]
[Result "1-0"]
[Termination "normal"]
[Board "11"]
[WhiteElo "1162"]
[BlackElo "1160"]
[WhiteClock "00:36:42"]
[BlackClock "00:27:44"]
[PlyCount "37"]
[WhiteFideId "34618538"]
[BlackFideId "34620591"]
[EventCountry "GER"]
[EventRounds "9"]
[EventType "swiss"]
[EventDate "2022.06.04"]

1. e4 {[%clk 1:30:58]} c5 {[%clk 1:30:55]} 2. Nf3 {[%clk 1:31:17]} e6 {[%clk
1:31:19]} 3. d4 {[%clk 1:31:19]} cxd4 {[%clk 1:31:40]} 4. Nxd4 {[%clk 1:31:38]}
a6 {[%clk 1:31:23]} 5. a3 {[%clk 1:31:29]} Qc7 {[%clk 1:31:02]} 6. Nc3 {[%clk
1:31:31]} b5 {[%clk 1:29:31]} 7. Bd3 {[%clk 1:23:11]} Bb7 {[%clk 1:24:46]} 8.
O-O {[%clk 1:22:15]} Nf6 {[%clk 1:24:09]} 9. Bd2 {[%clk 1:17:36]} Be7 {[%clk
1:16:17]} 10. Re1 {[%clk 1:09:08]} d5 {[%clk 1:12:12]} 11. exd5 {[%clk
1:01:43]} Nxd5 {[%clk 1:10:21]} 12. Qg4 {[%clk 0:54:31]} O-O {[%clk 1:01:24]}
13. Nxe6 {[%clk 0:43:17]} fxe6 {[%clk 0:43:49]} 14. Qxe6+ {[%clk 0:43:32]} Rf7
{[%clk 0:37:25]} 15. Nxd5 {[%clk 0:42:16]} Qc5 {[%clk 0:31:46]} 16. Nxe7+
{[%clk 0:38:05]} Kf8 {[%clk 0:28:11]} 17. Be3 {[%clk 0:36:34]} Qxe7 {[%clk
0:28:06]} 18. Qxe7+ {[%clk 0:36:34]} Rxe7 {[%clk 0:27:44]} 19. Bc5 {[%clk
0:36:42]} 1-0